Ir - to go - Statistics

General Stats
  • This quiz has been taken 511 times
  • The average score is 12 of 15
Answer Stats
Hint Answer % Correct
I go. voy
99%
We are going. vamos
96%
He goes. va
95%
I am going voy
80%
Carlos and Jamie go. van
78%
My mom and I are going. vamos
77%
We go. vamos
77%
John is going. va
76%
She goes. va
75%
Do they go? van
75%
Are you going? vas
75%
You and I go. vamos
74%
Who is going? va
71%
You all are going. van
70%
Vosotros are going. vais
63%
No matching quizzes found
Score Distribution
Percent of People with Each Score
Percentile by Number Answered
Your Score History
You have not taken this quiz